Franchising - systém úzkej spolupráce
Vymedzenie pojmu franchising. Zmluvy o franchise podľa Obchodného zákonníka (zákon č. 513/1991 Zb. v znení noviel). Dojednávanie medzinárodnej franchisingovej zmluvy.
Na minha lista:
| Autor principal: | |
|---|---|
| Formato: | Capítulo de Livro |
| Idioma: | eslovaco |
| Assuntos: | |
| Tags: |
Sem tags, seja o primeiro a adicionar uma tag!
|
MARC
| LEADER | 00000naa a2200000 4500 | ||
|---|---|---|---|
| 001 | r034161 | ||
| 005 | 20230919123758.5 | ||
| 041 | 0 | |a slo | |
| 044 | |a SK | ||
| 245 | 1 | 0 | |a Franchising - systém úzkej spolupráce |c Alena Pauličková |
| 520 | |a Vymedzenie pojmu franchising. Zmluvy o franchise podľa Obchodného zákonníka (zákon č. 513/1991 Zb. v znení noviel). Dojednávanie medzinárodnej franchisingovej zmluvy. | ||
| 610 | 2 | 0 | |a franchising |
| 610 | 2 | 0 | |a zmluvy medzinárodné |
| 610 | 2 | 0 | |a zmluvy licenčné |
| 610 | 2 | 0 | |a zákonník obchodný |
| 610 | 2 | 0 | |a právo priemyselné |
| 610 | 2 | 0 | |a podnikanie drobné |
| 610 | 2 | 0 | |a podpora podnikania |
| 100 | 1 | |a Pauličková, Alena | |